000 01012cam a22002058i 4500
020 _a9781501753732
020 _a9781501753961
040 _cDLC
082 0 0 _a333 CEN 2018 C347 Or.
245 0 0 _aLand fictions :
_bthe commodification of land in city and country /
300 _apages cm.
490 0 _aCornell series on land : new perspectives on territory, development, and environment
520 _a"Bringing together original research on urban, rural and peri-urban India, rapidly urbanizing China and Southeast Asia, resource expropriation in Africa and Latin America, and the neoliberal urban landscapes of North America and Europe, this book interrogates global patterns of property formation, the dispossessions property markets enact, and the popular movements to halt the growing waves of evictions and land grabs they face"
650 0 _aLand use
650 0 _aLand use, Urban
650 0 _aLand use, Rural
700 1 _aGhertner, D. Asher,
700 1 _aLake, Robert W.,
942 _cAEDBB
999 _c19373
_d19373